000 005420000a22001930004500
020 _a84-8164-479-X
041 0 _aSPA
082 0 4 _aG 270.609 D826t
100 1 _aMüntzer, Thomas
245 1 0 _aTratados y sermones / Thomas Müntzer ; Lluís Duch, Traductor
260 _aMadrid, España : Trotta
300 _a204 Pag
440 0 _aColección Clásicos de la Cultura e Historia; No 17
001 8378
942 _cBK
999 _c38542
_d38542
336 _atexto
_btxt
_2rdacontent
337 _2rdamedia
_asin mediación
_bn
338 _2rdacarrier
_avolumen
_bnc